<?xml version='1.0' encoding='UTF-8'?>
  <record xmlns="http://www.loc.gov/MARC21/slim">
    <leader>00000cam a2200000Mi 4500</leader>
    <controlfield tag="001">ocm68857407</controlfield>
    <controlfield tag="003">OCoLC</controlfield>
    <controlfield tag="005">20250416130425.9</controlfield>
    <controlfield tag="008">960129s1631    ne            000 0 dut d</controlfield>
    <datafield tag="040" ind1=" " ind2=" ">
      <subfield code="a">NLGGC</subfield>
      <subfield code="b">dut</subfield>
      <subfield code="e">fobidrtb</subfield>
      <subfield code="c">NLGGC</subfield>
      <subfield code="d">OCLCO</subfield>
      <subfield code="d">OCLCL</subfield>
      <subfield code="d">OCLCA</subfield>
    </datafield>
    <datafield tag="029" ind1="0" ind2=" ">
      <subfield code="a">NLGGC</subfield>
      <subfield code="b">145295087</subfield>
    </datafield>
    <datafield tag="035" ind1=" " ind2=" ">
      <subfield code="a">(OCoLC)68857407</subfield>
    </datafield>
    <datafield tag="084" ind1=" " ind2=" ">
      <subfield code="a">21.62</subfield>
      <subfield code="2">bcl</subfield>
    </datafield>
    <datafield tag="100" ind1="1" ind2=" ">
      <subfield code="a">Bray, Salomon de,</subfield>
      <subfield code="d">1597-1664.</subfield>
      <subfield code="1">https://id.oclc.org/worldcat/entity/E39PBJrrtw8xCr64JFC79BCmh3</subfield>
    </datafield>
    <datafield tag="245" ind1="1" ind2="0">
      <subfield code="a">Architectvra moderna ofte Bouwinge van onsen tyt bestaende in verscheyde soorten van gebouwen ... staende soo binnen dese stat Amsteldam als elders alle gedaen by ... Hendrick de Keyser beelthouwer en boumeester der stat Amsterdam en in weesen gebracht by ... Cornelis Danckerts mr. metselaer en boumeester der voorss stadt. Met een byuoegsell van eenige wercken en gestichten van verscheyde andere meesters ..</subfield>
    </datafield>
    <datafield tag="246" ind1="3" ind2=" ">
      <subfield code="a">Architectura moderna ofte Bouwinge van onsen tyt bestaende in verscheyde soorten van gebouwen</subfield>
    </datafield>
    <datafield tag="260" ind1=" " ind2=" ">
      <subfield code="a">Tot Amstelredam (woonende inde kalckton byde Reguliers tooren) :</subfield>
      <subfield code="b">by Cornelis Danckertss van Seevenhoven,</subfield>
      <subfield code="c">1631.</subfield>
    </datafield>
    <datafield tag="300" ind1=" " ind2=" ">
      <subfield code="a">25 p., [44] bl. ill. ;</subfield>
      <subfield code="c">in-2.</subfield>
    </datafield>
    <datafield tag="336" ind1=" " ind2=" ">
      <subfield code="a">tekst</subfield>
      <subfield code="b">txt</subfield>
      <subfield code="2">rdacontent/dut</subfield>
    </datafield>
    <datafield tag="337" ind1=" " ind2=" ">
      <subfield code="a">zonder medium</subfield>
      <subfield code="b">n</subfield>
      <subfield code="2">rdamedia/dut</subfield>
    </datafield>
    <datafield tag="338" ind1=" " ind2=" ">
      <subfield code="a">band</subfield>
      <subfield code="b">nc</subfield>
      <subfield code="2">rdacarrier/dut</subfield>
    </datafield>
    <datafield tag="500" ind1=" " ind2=" ">
      <subfield code="a">@1 A-G 2.</subfield>
    </datafield>
    <datafield tag="500" ind1=" " ind2=" ">
      <subfield code="a">Het tekstdeel door Salomon de Bray.</subfield>
    </datafield>
    <datafield tag="500" ind1=" " ind2=" ">
      <subfield code="a">Titelblad gegrav.; met 44 gegrav. platen (gen. 'I-XLIIII').</subfield>
    </datafield>
    <datafield tag="510" ind1="0" ind2=" ">
      <subfield code="a">Vgl. Fowler 163 (ed. 1641)</subfield>
    </datafield>
    <datafield tag="530" ind1=" " ind2=" ">
      <subfield code="a">Titel is geselecteerd voor digitalisering voor de Universiteit van Amsterdam in het kader van het Google Books-project.</subfield>
    </datafield>
    <datafield tag="600" ind1="1" ind2="4">
      <subfield code="a">Keyser, Hendrick de</subfield>
      <subfield code="q">(Hendrik),</subfield>
      <subfield code="d">1565-1621.</subfield>
      <subfield code="0">(NL-LeOCL)070654220</subfield>
    </datafield>
    <datafield tag="650" ind1="1" ind2="7">
      <subfield code="a">Bouwkunst.</subfield>
      <subfield code="2">gtt</subfield>
      <subfield code="0">(NL-LeOCL)078458471</subfield>
    </datafield>
    <datafield tag="651" ind1=" " ind2="7">
      <subfield code="a">Nederland.</subfield>
      <subfield code="2">gtt</subfield>
      <subfield code="0">(NL-LeOCL)078600987</subfield>
    </datafield>
    <datafield tag="651" ind1=" " ind2="7">
      <subfield code="a">Verenigd Koninkrijk der Nederlanden.</subfield>
      <subfield code="2">gtt</subfield>
      <subfield code="0">(NL-LeOCL)152936157</subfield>
    </datafield>
    <datafield tag="700" ind1="1" ind2=" ">
      <subfield code="a">Keyser, Hendrick de</subfield>
      <subfield code="q">(Hendrick Cornelisz),</subfield>
      <subfield code="d">1565-1621</subfield>
      <subfield code="1">https://id.oclc.org/worldcat/entity/E39PBJmXCKY6gbwFkCxHM4KTpP</subfield>
    </datafield>
    <datafield tag="700" ind1="1" ind2=" ">
      <subfield code="a">Danckerts, Cornelis,</subfield>
      <subfield code="d">1561-1634.</subfield>
      <subfield code="1">https://id.oclc.org/worldcat/entity/E39PBJq6Xw8TB4wHTgPdBFt3Qq</subfield>
    </datafield>
    <datafield tag="710" ind1="0" ind2=" ">
      <subfield code="a">Danckertsz, Cornelis (I, Amsterdam)</subfield>
      <subfield code="4">prt</subfield>
      <subfield code="0">(NL-LeOCL)077163346</subfield>
    </datafield>
    <datafield tag="758" ind1=" " ind2=" ">
      <subfield code="a">Architectvra moderna ofte Bouwinge van onsen tyt bestaende in verscheyde soorten van gebouwen ... staende soo binnen dese stat Amsteldam als elders alle gedaen by ... Hendrick de Keyser beelthouwer en boumeester der stat Amsterdam en in weesen gebracht by ... Cornelis Danckerts mr. metselaer en boumeester der voorss stadt. Met een byuoegsell van eenige wercken en gestichten van verscheyde andere meesters (Text)</subfield>
      <subfield code="1">https://id.oclc.org/worldcat/entity/E39PCGFr3fpyvwc48TtkXvxPw3</subfield>
      <subfield code="4">https://id.oclc.org/worldcat/ontology/hasWork</subfield>
    </datafield>
    <datafield tag="776" ind1="0" ind2=" ">
      <subfield code="t">Architectura moderna ofte Bouwinge van onsen tyt bestaende in verscheyde soorten van gebouwen</subfield>
      <subfield code="w">(NL-LeOCL)396903908</subfield>
    </datafield>
    <datafield tag="776" ind1="0" ind2=" ">
      <subfield code="t">Architectura moderna ofte Bouwinge van onsen tyt bestaende in verscheyde soorten van gebouwen</subfield>
      <subfield code="w">(NL-LeOCL)400292939</subfield>
    </datafield>
  </record>